000 00442nam a2200181Ia 4500
001 11971
005 20260306162907.0
008 260306t2015||||xx |||||||||||||| ||spa||
041 _aESP
082 _aHR 2355
_bELTELJ
100 _aEötvös Loránd University. Faculty of Law
_eAUT
245 0 _aElte law journal
260 _c2015
300 _a181 páginas :
_c24 cm.
650 _aGEN
654 _aCDE
942 _cLIB
_dJUS
_fJUS
_2ddc
_n
999 _c11971
_d11971